| 000 -LEADER |
| fixed length control field |
00564cam a22001097a 4500 |
| 008 - FIXED-LENGTH DATA ELEMENTS--GENERAL INFORMATION |
| fixed length control field |
180718b1976 xxu||||| |||| 00| 0 eng d |
| 082 ## - DEWEY DECIMAL CLASSIFICATION NUMBER |
| Classification number |
P11x5444 K147 |
| 245 ## - TITLE STATEMENT |
| Title |
Report of the demand and supply of primary and secondary school teachers during the fifth five year plan |
| Statement of responsibility, etc. |
by Manpower Unit, Directorate of Evaluation, Manpower and Project Formulation, Planning Department, Karnataka |
| 260 ## - PUBLICATION, DISTRIBUTION, ETC. |
| Place of publication, distribution, etc. |
Bangalore |
| Name of publisher, distributor, etc. |
Government Press |
| Date of publication, distribution, etc. |
1976 |
| 300 ## - PHYSICAL DESCRIPTION |
| Extent |
21p |
| 700 ## - ADDED ENTRY--PERSONAL NAME |
| Personal name |
Karnataka. Planning Department. Directorate of Evaluation, Manpower and Project Formulation, Manpower Unit |